Southville International School and Colleges
Your cart is empty.
  • Cart
  • Lists
    Public lists Eva Luna New books Lux_list list_1
    Your lists Log in to create your own lists
  • Log in to your account
  • Your cookies
  • Search history
Southville International School and Colleges
  • Advanced search
  • Recent comments
  • Most popular
  • Libraries

Log in to your account

Log in with GOOGLE


If you do not have an external account, but do have a local account, you can still log in:

  1. Home
  2. MARC view: Virtual reality systems /
Normal view MARC view ISBD view

Virtual reality systems / (Record no. 15878)

[ view plain ]
MARC details
000 -LEADER
fixed length control field 00497nam a22001937a 4500
003 - CONTROL NUMBER IDENTIFIER
control field DEla salle
005 - DATE AND TIME OF LATEST TRANSACTION
control field 20140310182757.0
008 - FIXED-LENGTH DATA ELEMENTS--GENERAL INFORMATION
fixed length control field 130207t xxu||||| |||| 00| 0 eng d
020 ## - INTERNATIONAL STANDARD BOOK NUMBER
International Standard Book Number 0201876876
050 ## - LIBRARY OF CONGRESS CALL NUMBER
Classification number QA 76.9.H85
Item number .V56 1995
100 ## - MAIN ENTRY--PERSONAL NAME
Personal name Vince, John
245 ## - TITLE STATEMENT
Title Virtual reality systems /
Statement of responsibility, etc John Vince
260 ## - PUBLICATION, DISTRIBUTION, ETC. (IMPRINT)
Place of publication, distribution, etc New York :
Name of publisher, distributor, etc ACM Press,
Date of publication, distribution, etc 1995.
300 ## - PHYSICAL DESCRIPTION
Extent 388 p. :
Dimensions 24 cm.
Other physical details ill. (some col.) ;
521 ## - TARGET AUDIENCE NOTE
Target audience note
562 ## - COPY AND VERSION IDENTIFICATION NOTE
Number of copies 1
942 ## - ADDED ENTRY ELEMENTS (KOHA)
Source of classification or shelving scheme Library of Congress Classification
Koha item type Books
Call number prefix Foreign
Holdings
Withdrawn status Lost status Source of classification or shelving scheme Damaged status Home library Current library Shelving location Date acquired Total Checkouts Total Renewals Full call number Barcode Date last seen Date checked out Copy number Price effective from Koha item type
    Library of Congress Classification   College Library College Library General Circulation Section 02/07/2013 1 16 QA 76.9.H85 .V56 1995 C1213 05/15/2018 10/12/2016 1 02/07/2013 Books

Virtual reality systems /

APA

Vince J., . (1995). Virtual reality systems. New York: ACM Press.

Chicago

Vince John, . 1995. Virtual reality systems. New York: ACM Press.

Harvard

Vince J., . (1995). Virtual reality systems. New York: ACM Press.

MLA

Vince John, . Virtual reality systems. New York: ACM Press. 1995.

  • Place hold
  • Print
  • Cite
  • Add to your cart (remove)
  • Save record
    BIBTEX Dublin Core MARCXML MARC (non-Unicode/MARC-8) MARC (Unicode/UTF-8) MARC (Unicode/UTF-8, Standard) MODS (XML) RIS
  • More searches
    Search for this title in:
    Other Libraries (WorldCat) Other Databases (Google Scholar) Online Stores (Bookfinder.com) Open Library (openlibrary.org)

Exporting to Dublin Core...

SOUTHVILLE LIBRARY

Southville International School and Colleges Library

1281 Tropical Ave. Cor. Luxembourg St., BF Homes International, Las Pinas City

Tel. No. 8256374 / 252358 Loc. 117/146

Powered by Koha